| 000 | 00817na a2200253 4500 | ||
|---|---|---|---|
| 001 | 23021 | ||
| 003 | MIRAKIL | ||
| 005 | 20181213154926.0 | ||
| 008 | 170504b tu 000 0 | ||
| 020 | _a9757145955 | ||
| 040 |
_aMilas _btur _cTR-AnCHP |
||
| 041 | _atur | ||
| 082 |
_a179.1 _bÖ92e 2005 |
||
| 090 | _a179.1 Ö92e 2005 | ||
| 100 | _aÖzdağ, Ufuk | ||
| 245 |
_aEdebiyat ve toprak etiği _bAmerikan doğa yazınında Leopold'cu düşünce |
||
| 246 | _aAmerikan doğa yazınında Leopold'cu düşünce | ||
| 260 |
_aAnkara _bÜrün Yayınları _c2005 _fÖztepe Matbaacılık |
||
| 300 |
_a176 s. _bfotğ.; res. _c19 sm. |
||
| 504 | _aKaynakça var. | ||
| 650 |
_aÇevre bilimi _xÇevre politikaları _yÇevre Ahlakı |
||
| 740 | _aAmerikan doğa yazınında Leopold'cu düşünce | ||
| 942 |
_2dcc _cBKS |
||
| 999 |
_c3271 _d3271 |
||